Mixed Drinks Quiz Stats

 Plays Quiz not verified by Sporcle

Challenge
Share
Tweet
Embed
Score 0/23 Timer 10:00
1 Play Today
Ingredients Drink Name % Correct
Whiskey and Sour MixWhiskey Sour
63%
Tequila, Orange Juice and GrenadineTequila Sunrise
54.2%
Vodka, Peach Schnapps, Orange and Cranberry JuiceSex on the Beach
49%
Tequila, Triple Sec, Sour Mix, Lime JuiceMargarita
48.4%
Vodka and KahluaBlack Russian
41.4%
Light Rum, Soda Water, Sugar, Lime Juice, Mint SprigsMojito
39.9%
Vodka, Cointreau, Cranberry, and LimeCosmopolitan
37.6%
Vodka, Gin, Rum, Tequila, Triple Sec, Sour Mix, and CokeLong Island Ice Tea
35.9%
Rum and CokeCuba Libre
29.7%
Gin, Sour Mix, and Soda WaterTom Collins
19.8%
Vodka, Cranberry and Pinapple JuiceBay Breeze
16.9%
Vodka, Triple Sec, and Lime JuiceKamikaze
16.9%
Ingredients Drink Name % Correct
Vodka and Cranberry JuiceCape Codder
15.5%
Blended Whiskey and GingeraleHighball
11.1%
Amaretto, Southern Comfort, Razzmatazz, Orange JuiceAlabama Slammer
11.1%
Vodka, Peach Schnapps, Cranberry JuiceWoo Woo
7.6%
Vodka and Orange and Cranberry JuiceMadras
7%
Kahlua and milkSombrero
6.7%
Southern Comfort, AmarettoSicilian Kiss
3.5%
Southern Comfort and Cranberry JuiceScarlett O'hara
3.2%
Amaretto, Kahlua, Bailey's Irish Cream, and milkOrgasm
3.2%
Kahlua, Amaretto, MilkToasted Almond
2.6%
Vodka, Razzmatazz, Sour Mix, and 7 UpGrape Crush
1.2%

You're not logged in!

Compare scores with friends on all Sporcle quizzes.
OR
Log In

You Might Also Like...

Show Comments

Extras

Created Feb 25, 2010ReportNominate
Tags:drink, ingredient, mixed

Top Quizzes Today


Score Distribution

Your Account Isn't Verified!

In order to create a playlist on Sporcle, you need to verify the email address you used during registration. Go to your Sporcle Settings to finish the process.

Report this User

Report this user for behavior that violates our Community Guidelines.

Details: